00683 2200229 4500001002100000005001500021035002000036007000300056008004100059020002200100082001200122084001800134100002000152245010900172250001000281260003900291300003000330500001100360650003300371700001800404504003100422INLIS00000000000289220190114125339 a0010-0119000244ta190114 g 0 ind  a978-602-7874-97-8 aR.923.1 aR.923.1 MUH e0 aMUHAMMAD, Rifai1 aEnsiklopedi Presiden Republik Indonesia :bAbdurrahman Wahid /cMuhammad Rifai; penyunting, Atania Rahma acet.1 aJogjakarta :bAr-ruzz Media,c2016 ajil.4, 201 hlm. ;c21 cm. aIndeks aPRESIDEN INDONESIA. BIOGRAFI0 aATANIA, Rahma aBibliografi : hlm. 193-198